000
00294nam a2200109 4500
999
_c
9866
_d
9866
008
180720b ||||| |||| 00| 0 eng d
245
_a
Music is also for the heart.
260
_a
Philippines
_b
The Philippine Star
_c
c2016
300
_a
page 11.
650
0
_9
29180
_a
Therapeutics.
942
_2
ddc
_c
PER